[Event "Quebec op U2000"]
[Site "Montreal CAN"]
[Date "2008.07.22"]
[Round "4"]
[White "Gerard, Patrice"]
[Black "Morin, Louis"]
[Result "0-1"]
[WhiteElo "1650"]
[BlackElo "1907"]
[PlyCount "72"]
[GameId "2160767910353601"]
[EventDate "2008.07.19"]
[EventType "swiss"]
[EventRounds "8"]
[EventCountry "CAN"]
[SourceTitle "EXT 2022"]
[Source "ChessBase"]
[SourceDate "2021.10.06"]
[SourceVersion "1"]
[SourceVersionDate "2021.10.06"]
[SourceQuality "1"]

1. e4 e5 2. Nf3 d6 3. d4 Nf6 4. Nc3 Nbd7 5. Bc4 Be7 6. O-O O-O 7. a4 c6 8. Ba2 a5 9. Re1 exd4 10. Nxd4 Nc5 11. h3 Re8 12. Bf4 Bf8 13. e5 dxe5 14. Rxe5 Bd6 15. Rxe8+ Nxe8 16. Bxd6 Qxd6 17. Qf3 Be6 18. Bxe6 fxe6 19. Rd1 Qe5 20. Qe2 Qxe2 21. Ndxe2 Kf7 22. Rd4 Ke7 23. Ne4 e5 24. Rc4 Ne6 25. f3 Rd8 26. N2g3 g6 27. Nc5 b5 28. axb5 cxb5 29. Rc3 b4 30. Rc4 Rd1+ 31. Kf2 Nd6 32. Re4 Nxe4+ 33. Ncxe4 Rc1 34. c3 Rc2+ 35. Ne2 Rxb2 36. cxb4 Nd4 0-1

[Event "Quebec op U2000"]
[Site "Montreal CAN"]
[Date "2008.07.22"]
[Round "4"]
[White "McKay, Brian"]
[Black "Newman, Eric"]
[Result "1/2-1/2"]
[WhiteElo "1822"]
[BlackElo "1586"]
[PlyCount "90"]
[GameId "2160767910353602"]
[EventDate "2008.07.19"]
[EventType "swiss"]
[EventRounds "8"]
[EventCountry "CAN"]
[SourceTitle "EXT 2022"]
[Source "ChessBase"]
[SourceDate "2021.10.06"]
[SourceVersion "1"]
[SourceVersionDate "2021.10.06"]
[SourceQuality "1"]

1. e4 e5 2. Nf3 Nc6 3. Bc4 Be7 4. a3 Nf6 5. Nc3 O-O 6. d3 d6 7. h3 Nd4 8. Nxd4 exd4 9. Ne2 c5 10. Ba2 b5 11. Bf4 Be6 12. Ng3 a5 13. Bg5 Qd7 14. Bxe6 fxe6 15. O-O h6 16. Bxf6 Bxf6 17. Qg4 Rad8 18. f4 c4 19. Rf3 e5 20. Nf5 Kh7 21. Raf1 g6 22. Ng3 Qxg4 23. hxg4 exf4 24. Rxf4 Kg7 25. R4f3 Bg5 26. Ne2 Be3+ 27. Kh2 cxd3 28. cxd3 Rxf3 29. gxf3 Rc8 30. Kg3 Rc2 31. Nf4 Rxb2 32. Nd5 b4 33. axb4 axb4 34. Ra1 Bf2+ 35. Kh3 b3 36. Ra7+ Kf8 37. Ra8+ Kf7 38. Ra7+ Ke8 39. Ra8+ Kd7 40. Ra7+ Kc6 41. Rc7+ Kb5 42. Rb7+ Ka4 43. Ra7+ Kb5 44. Rb7+ Ka4 45. Ra7+ Kb5 1/2-1/2

[Event "Quebec op U2000"]
[Site "Montreal CAN"]
[Date "2008.07.22"]
[Round "4"]
[White "Shah, Omar"]
[Black "Petit, Raymond"]
[Result "1-0"]
[WhiteElo "1904"]
[BlackElo "1886"]
[PlyCount "61"]
[GameId "2160767910353603"]
[EventDate "2008.07.19"]
[EventType "swiss"]
[EventRounds "8"]
[EventCountry "CAN"]
[SourceTitle "EXT 2022"]
[Source "ChessBase"]
[SourceDate "2021.10.06"]
[SourceVersion "1"]
[SourceVersionDate "2021.10.06"]
[SourceQuality "1"]

1. e4 e6 2. d4 d5 3. Nd2 dxe4 4. Nxe4 Qd5 5. Nc3 Bb4 6. Nf3 b6 7. Bd3 Nf6 8. Bd2 Bxc3 9. Bxc3 Ba6 10. O-O O-O 11. Bb4 Re8 12. Re1 Bxd3 13. Qxd3 Nc6 14. Bc3 Rad8 15. Qe2 Qh5 16. Qc4 Qd5 17. Qe2 Qh5 18. a3 b5 19. Rac1 a6 20. Rcd1 Nd5 21. Bd2 Qf5 22. Be3 Nxe3 23. Qxe3 Rd5 24. Qc3 Rd6 25. Ne5 Nb8 26. Qxc7 Red8 27. Rd3 Qh5 28. Rh3 Qf5 29. Rf3 Qh5 30. g4 Qg5 31. Qxf7+ 1-0

[Event "Quebec op U2000"]
[Site "Montreal CAN"]
[Date "2008.07.23"]
[Round "5"]
[White "Luo, Zhao Yang"]
[Black "Armstrong, Robert J"]
[Result "0-1"]
[WhiteElo "1602"]
[BlackElo "1783"]
[PlyCount "80"]
[GameId "2160767910353604"]
[EventDate "2008.07.19"]
[EventType "swiss"]
[EventRounds "8"]
[EventCountry "CAN"]
[SourceTitle "EXT 2011"]
[Source "ChessBase"]
[SourceDate "2011.11.26"]
[SourceVersion "1"]
[SourceVersionDate "2011.11.26"]
[SourceQuality "1"]

1. d4 g6 2. c4 Bg7 3. e4 d6 4. Nc3 Nf6 5. Nf3 O-O 6. Bd3 Nc6 7. O-O e5 8. d5 Ne7 9. Bd2 Nd7 10. b4 f5 11. Ng5 Nf6 12. f4 h6 13. fxe5 dxe5 14. Nf3 Nh7 15. Qe2 f4 16. c5 g5 17. Nb5 Ng6 18. d6 cxd6 19. Nxd6 g4 20. Ne1 Ng5 21. Qf2 f3 22. Bxg5 Qxg5 23. Bc4+ Kh7 24. Nf7 Qe7 25. gxf3 Nf4 26. Kh1 Rxf7 27. Bxf7 Qxf7 28. Ng2 Qh5 29. Rad1 gxf3 30. Nxf4 exf4 31. Rd8 Bf6 32. Rd5 Qg6 33. Qxf3 Be6 34. Rd6 Be5 35. Rd2 Bg4 36. Qf2 Qxe4+ 37. Kg1 Rg8 38. Qg2 Bh3 39. Qxg8+ Kxg8 40. Rdf2 Bd4 0-1

[Event "Quebec op U2000"]
[Site "Montreal CAN"]
[Date "2008.07.23"]
[Round "5"]
[White "Morin, Louis"]
[Black "Shah, Omar"]
[Result "0-1"]
[WhiteElo "1907"]
[BlackElo "1928"]
[PlyCount "56"]
[GameId "2160767910353605"]
[EventDate "2008.07.19"]
[EventType "swiss"]
[EventRounds "8"]
[EventCountry "CAN"]
[SourceTitle "EXT 2022"]
[Source "ChessBase"]
[SourceDate "2021.10.06"]
[SourceVersion "1"]
[SourceVersionDate "2021.10.06"]
[SourceQuality "1"]

1. e4 c5 2. d4 cxd4 3. c3 d3 4. c4 d6 5. Bxd3 Nf6 6. Nc3 e6 7. Nf3 Be7 8. O-O O-O 9. h3 a6 10. Be3 Nbd7 11. Rc1 Qc7 12. b3 b6 13. Bb1 Bb7 14. Qe2 Rac8 15. Rfd1 Rfd8 16. Nd4 Bf8 17. f4 Nc5 18. Bf2 g6 19. Bh4 Be7 20. g4 Nfxe4 21. Nxe4 Bxh4 22. g5 Nxe4 23. Bxe4 d5 24. Qg4 dxe4 25. Qxh4 e5 26. f5 exd4 27. f6 Qc5 28. Qh6 Qf8 0-1

[Event "Quebec op U2000"]
[Site "Montreal CAN"]
[Date "2008.07.23"]
[Round "5"]
[White "Newman, Eric"]
[Black "Carrier, Rene"]
[Result "1-0"]
[WhiteElo "1560"]
[BlackElo "1966"]
[PlyCount "39"]
[GameId "2160767910353606"]
[EventDate "2008.07.19"]
[EventType "swiss"]
[EventRounds "8"]
[EventCountry "CAN"]
[SourceTitle "EXT 2022"]
[Source "ChessBase"]
[SourceDate "2021.10.06"]
[SourceVersion "1"]
[SourceVersionDate "2021.10.06"]
[SourceQuality "1"]

1. e4 c5 2. Nc3 d6 3. Bc4 Nf6 4. d3 e6 5. a3 Be7 6. f4 O-O 7. Ba2 d5 8. e5 Ne8 9. Nf3 a6 10. O-O b5 11. f5 d4 12. fxe6 Bxe6 13. Bxe6 fxe6 14. Ne4 h6 15. Qe1 Nc6 16. Qg3 Kh8 17. Bxh6 gxh6 18. Qg6 Ng7 19. Qxh6+ Kg8 20. Nfg5 1-0

[Event "Quebec op U2000"]
[Site "Montreal CAN"]
[Date "2008.07.23"]
[Round "5"]
[White "Poulin, Mathieu"]
[Black "McKay, Brian"]
[Result "0-1"]
[WhiteElo "1450"]
[BlackElo "1822"]
[PlyCount "122"]
[GameId "2160767910353607"]
[EventDate "2008.07.19"]
[EventType "swiss"]
[EventRounds "8"]
[EventCountry "CAN"]
[SourceTitle "EXT 2022"]
[Source "ChessBase"]
[SourceDate "2021.10.06"]
[SourceVersion "1"]
[SourceVersionDate "2021.10.06"]
[SourceQuality "1"]

1. d4 g6 2. c4 Bg7 3. e4 d6 4. Nc3 Nd7 5. Nf3 Ngf6 6. Be2 O-O 7. O-O c5 8. Re1 cxd4 9. Nxd4 Qb6 10. Nb3 Ne5 11. Be3 Qd8 12. f3 b6 13. Rc1 Ba6 14. Nd2 Rc8 15. b3 Nc6 16. Ndb1 Nh5 17. Bf1 Bb7 18. Qd2 Re8 19. Bf2 Be5 20. Ne2 e6 21. Nbc3 g5 22. Rcd1 Qf6 23. Be3 h6 24. Nd4 Kh7 25. Nce2 Rg8 26. Nxc6 Bxc6 27. Nd4 g4 28. Nxc6 Bxh2+ 29. Kf2 Bg3+ 30. Ke2 gxf3+ 31. gxf3 Rxc6 32. Bf2 Nf4+ 33. Ke3 Ng2+ 34. Kd3 Nxe1+ 35. Bxe1 Qxf3+ 36. Kc2 b5 37. Bd3 Be5 38. Be2 Qg2 39. Qd3 bxc4 40. bxc4 Rb6 41. Bc3 Rg3 42. Rd2 Rxd3 43. Bxd3 Qg3 44. a4 Qe1 45. Bxe5 dxe5 46. Rd1 Qf2+ 47. Rd2 Rb2+ 48. Kxb2 Qxd2+ 49. Bc2 h5 50. Kb3 h4 51. c5 h3 52. c6 Qa5 53. c7 Qxc7 54. Bd1 Qb6+ 55. Kc4 Qd4+ 56. Kb5 Qxd1 57. a5 h2 58. Ka6 h1=Q 59. Kxa7 Qhg1+ 60. Kb7 Qd7+ 61. Ka8 Qga7# 0-1

[Event "Quebec op U2000"]
[Site "Montreal CAN"]
[Date "2008.07.23"]
[Round "6"]
[White "Lemieux, Richard"]
[Black "Faust, Steven"]
[Result "1-0"]
[WhiteElo "1532"]
[BlackElo "1818"]
[PlyCount "91"]
[GameId "2160767910353608"]
[EventDate "2008.07.19"]
[EventType "swiss"]
[EventRounds "8"]
[EventCountry "CAN"]
[SourceTitle "EXT 2011"]
[Source "ChessBase"]
[SourceDate "2011.11.26"]
[SourceVersion "1"]
[SourceVersionDate "2011.11.26"]
[SourceQuality "1"]

1. e4 c6 2. d4 d5 3. e5 Bf5 4. Bd3 Bxd3 5. Qxd3 e6 6. Nf3 Nd7 7. O-O Qc7 8. Bf4 Ne7 9. Nbd2 Ng6 10. Bg3 c5 11. c4 dxc4 12. Nxc4 cxd4 13. Rac1 Qd8 14. Qxd4 Bc5 15. Nd6+ Bxd6 16. exd6 O-O 17. Rc7 b6 18. Rfc1 Nf6 19. Ne5 Nd5 20. Nxg6 hxg6 21. R7c6 Qd7 22. Qc4 Rfd8 23. Bh4 f6 24. Bg3 Kf8 25. Qh4 Kf7 26. Qc4 Ke8 27. Qe4 Kf7 28. Qc4 Kf8 29. b4 a6 30. a3 b5 31. Qc5 Kf7 32. h3 Ke8 33. Re1 Kf7 34. Rc1 Ke8 35. Qc2 Kf7 36. Qe4 Rdc8 37. R6c5 Qe8 38. Qd3 Qd7 39. Re1 Nb6 40. Qe4 Nd5 41. Rxd5 exd5 42. Qxd5+ Kf8 43. Re7 Qxe7 44. dxe7+ Kxe7 45. Bd6+ Kd7 46. Bc5+ 1-0

[Event "Quebec op U2000"]
[Site "Montreal CAN"]
[Date "2008.07.24"]
[Round "6"]
[White "Agcaoili, Marlou"]
[Black "Morin, Louis"]
[Result "1/2-1/2"]
[WhiteElo "1869"]
[BlackElo "1907"]
[PlyCount "80"]
[GameId "2160767910353609"]
[EventDate "2008.07.19"]
[EventType "swiss"]
[EventRounds "8"]
[EventCountry "CAN"]
[SourceTitle "EXT 2022"]
[Source "ChessBase"]
[SourceDate "2021.10.06"]
[SourceVersion "1"]
[SourceVersionDate "2021.10.06"]
[SourceQuality "1"]

1. d4 e5 2. dxe5 Nc6 3. Bf4 Qe7 4. c3 Nxe5 5. e3 Nf6 6. Be2 d6 7. Nf3 Ng6 8. Bg5 h6 9. Bxf6 Qxf6 10. Nbd2 d5 11. O-O Bd6 12. e4 Be6 13. exd5 Bxd5 14. Qa4+ c6 15. Ne4 Bxe4 16. Qxe4+ Qe7 17. Qxe7+ Bxe7 18. Rfe1 O-O 19. Bd3 Bc5 20. Bxg6 fxg6 21. Re2 Rae8 22. Rxe8 Rxe8 23. Kf1 Kf7 24. Rd1 Bb6 25. Rd7+ Kf6 26. h3 Re7 27. Rxe7 Kxe7 28. Ne5 g5 29. Ke2 Ke6 30. Nc4 Bc7 31. Kd3 b5 32. Nd2 Bb6 33. Ke2 Kf5 34. Kf3 g6 35. Ne4 Ke5 36. Nd2 Kf5 37. Nb3 Ke5 38. Nc1 Kd5 39. Nd3 a5 40. Ke2 Bc7 1/2-1/2

[Event "Quebec op U2000"]
[Site "Montreal CAN"]
[Date "2008.07.24"]
[Round "6"]
[White "Armstrong, Robert J"]
[Black "Lemieux, Richard"]
[Result "1-0"]
[WhiteElo "1783"]
[BlackElo "1532"]
[PlyCount "117"]
[GameId "2160767910353610"]
[EventDate "2008.07.19"]
[EventType "swiss"]
[EventRounds "8"]
[EventCountry "CAN"]
[SourceTitle "EXT 2011"]
[Source "ChessBase"]
[SourceDate "2011.11.26"]
[SourceVersion "1"]
[SourceVersionDate "2011.11.26"]
[SourceQuality "1"]

1. d4 Nf6 2. c4 e5 3. d5 Bc5 4. g3 d6 5. Bg2 Bf5 6. Nc3 e4 7. e3 a6 8. b4 Ba7 9. Nge2 Nbd7 10. O-O Ne5 11. Qa4+ Kf8 12. Qb3 Qd7 13. Nd4 Bh3 14. Nce2 Bxd4 15. exd4 Nf3+ 16. Bxf3 Bxf1 17. Kxf1 exf3 18. Qxf3 Re8 19. Nf4 g5 20. Ne6+ Rxe6 21. dxe6 Qxe6 22. Bxg5 Ng4 23. Kg1 Rg8 24. Be3 c6 25. d5 cxd5 26. cxd5 Qe5 27. Rc1 Rg6 28. Rc8+ Kg7 29. Rc7 Qf6 30. Qxf6+ Rxf6 31. Bd4 Ne5 32. Bxe5 dxe5 33. Rxb7 Rd6 34. Ra7 Kg6 35. a4 Rb6 36. a5 Rd6 37. Rb7 Rxd5 38. Rb6+ Kf5 39. Rxa6 Kg4 40. Kg2 e4 41. Rf6 Kg5 42. Rxf7 Rb5 43. a6 Rxb4 44. a7 Ra4 45. Rxh7 Kg6 46. Re7 Kf5 47. h4 Ra2 48. Kh3 Ra1 49. g4+ Kf4 50. Rf7+ Ke5 51. h5 Rh1+ 52. Kg2 Ra1 53. g5 Ke6 54. g6 Ra2 55. Kg3 Ra3+ 56. Kg4 Ra4 57. h6 e3+ 58. Kf3 e2 59. Kxe2 1-0

[Event "Quebec op U2000"]
[Site "Montreal CAN"]
[Date "2008.07.24"]
[Round "6"]
[White "Ferreira, Alex"]
[Black "Newman, Eric"]
[Result "1-0"]
[WhiteElo "1958"]
[BlackElo "1560"]
[PlyCount "39"]
[GameId "2160767910353611"]
[EventDate "2008.07.19"]
[EventType "swiss"]
[EventRounds "8"]
[EventCountry "CAN"]
[SourceTitle "EXT 2022"]
[Source "ChessBase"]
[SourceDate "2021.10.06"]
[SourceVersion "1"]
[SourceVersionDate "2021.10.06"]
[SourceQuality "1"]

1. e4 e6 2. d4 b6 3. Nf3 Bb7 4. Nbd2 c5 5. Bd3 cxd4 6. Nxd4 Nc6 7. Nxc6 Bxc6 8. O-O Nf6 9. Re1 Qc7 10. c4 Bc5 11. e5 O-O-O 12. exf6 Bxf2+ 13. Kxf2 Qxh2 14. Nf3 Bxf3 15. Qxf3 d5 16. cxd5 Rxd5 17. Bf4 Qh4+ 18. Bg3 Qxf6 19. Ba6+ Kd7 20. Rad1 1-0

[Event "Quebec op U2000"]
[Site "Montreal CAN"]
[Date "2008.07.24"]
[Round "6"]
[White "McKay, Brian"]
[Black "Adamou-Ndiaye, Mocktar"]
[Result "1-0"]
[WhiteElo "1822"]
[BlackElo "1933"]
[PlyCount "159"]
[GameId "2160767910353612"]
[EventDate "2008.07.19"]
[EventType "swiss"]
[EventRounds "8"]
[EventCountry "CAN"]
[SourceTitle "EXT 2022"]
[Source "ChessBase"]
[SourceDate "2021.10.06"]
[SourceVersion "1"]
[SourceVersionDate "2021.10.06"]
[SourceQuality "1"]

1. e4 e6 2. d4 d5 3. exd5 exd5 4. Bd3 h6 5. h3 Bd6 6. Nf3 Nf6 7. O-O O-O 8. Ne5 Nbd7 9. f4 Ne4 10. Nd2 f5 11. Ndf3 Ndf6 12. Ng6 Re8 13. Nfe5 Ng3 14. Rf3 Nfe4 15. Qe1 Nh5 16. g4 Nhf6 17. g5 Nh7 18. h4 Bxe5 19. Nxe5 Re6 20. Qe2 Bd7 21. Qg2 Be8 22. gxh6 Rxh6 23. Bxe4 dxe4 24. Rg3 Qf6 25. Bd2 Rxh4 26. c4 Rd8 27. d5 Nf8 28. Bc3 Qb6+ 29. Kf1 Rxf4+ 30. Ke1 g6 31. Qh2 Rd7 32. Nxd7 Bxd7 33. Qh8+ Kf7 34. Qg7+ Ke8 35. Qe5+ Ne6 36. dxe6 Qf2+ 37. Kd1 Qf1+ 38. Be1 Bc6 39. Qh8+ Ke7 40. Qg7+ Kd6 41. Qd4+ Ke7 42. Rc1 Rf3 43. Kc2 Qd3+ 44. Qxd3 exd3+ 45. Kd2 Rxg3 46. Bxg3 Be4 47. Bxc7 Kxe6 48. Rg1 Kf6 49. Ke3 a6 50. b4 Kf7 51. c5 Kf6 52. a3 Kf7 53. Kf4 Ke6 54. Rxg6+ Kd5 55. Ke3 Kc4 56. Rg1 Kc3 57. Be5+ Kc2 58. Ra1 Bd5 59. Kd4 Bb3 60. Rg1 d2 61. Rg2 Kb2 62. Rxd2+ Kxa3 63. Kc3 Be6 64. Rd6 Bc8 65. Rd8 Be6 66. Rd6 Bc8 67. Bf4 Ka4 68. Kc4 Ka3 69. Bd2 Kb2 70. Kd5 f4 71. Rf6 Kc2 72. Bxf4 Kc3 73. Rb6 Bh3 74. Bg3 Bg2+ 75. Kd6 Kc4 76. Be1 Bf3 77. Kc7 a5 78. bxa5 Kxc5 79. Rxb7 Bxb7 80. Kxb7 1-0

[Event "Quebec op U2000"]
[Site "Montreal CAN"]
[Date "2008.07.24"]
[Round "6"]
[White "Shah, Omar"]
[Black "Ah-Lan, Kenny"]
[Result "1-0"]
[WhiteElo "1904"]
[BlackElo "2004"]
[PlyCount "102"]
[GameId "2160767910353613"]
[EventDate "2008.07.19"]
[EventType "swiss"]
[EventRounds "8"]
[EventCountry "CAN"]
[SourceTitle "EXT 2022"]
[Source "ChessBase"]
[SourceDate "2021.10.06"]
[SourceVersion "1"]
[SourceVersionDate "2021.10.06"]
[SourceQuality "1"]

1. e4 c6 2. d4 d5 3. Nc3 dxe4 4. Nxe4 Nd7 5. Bd3 Ngf6 6. Ng5 e6 7. N1f3 Bd6 8. Qe2 h6 9. Ne4 Nxe4 10. Qxe4 Nf6 11. Qe2 Qc7 12. Bd2 b6 13. Ne5 Bb7 14. O-O-O c5 15. Bb5+ Ke7 16. Nc4 Bxg2 17. Nxd6 Qxd6 18. Rhg1 Qd5 19. Bc4 Qe4 20. dxc5 Bf3 21. Qxe4 Nxe4 22. Rde1 Rad8 23. Be3 bxc5 24. Rxg7 Kf6 25. Rgg1 Rdg8 26. Bd3 Rg2 27. Rxg2 Bxg2 28. Bxe4 Bxe4 29. Bxc5 Kf5 30. Be3 Rg8 31. Bxh6 Rh8 32. Be3 a6 33. Rg1 Ke5 34. c3 Rxh2 35. b3 a5 36. Kb2 a4 37. Ka3 axb3 38. axb3 Kd5 39. Kb4 Kc6 40. c4 Rh8 41. Kc3 Rd8 42. Bd4 e5 43. Bxe5 Rd3+ 44. Kb4 Rf3 45. Bd4 Bc2 46. Be3 Rf5 47. Kc3 Be4 48. Rg4 Bb1 49. Rf4 Ra5 50. Rf6+ Kb7 51. Rxf7+ Kb8 1-0

[Event "Quebec op U2000"]
[Site "Montreal CAN"]
[Date "2008.07.25"]
[Round "7"]
[White "Giroux, Robert"]
[Black "Shah, Omar"]
[Result "0-1"]
[WhiteElo "1869"]
[BlackElo "1904"]
[PlyCount "172"]
[GameId "2160767910353614"]
[EventDate "2008.07.19"]
[EventType "swiss"]
[EventRounds "8"]
[EventCountry "CAN"]
[SourceTitle "EXT 2022"]
[Source "ChessBase"]
[SourceDate "2021.10.06"]
[SourceVersion "1"]
[SourceVersionDate "2021.10.06"]
[SourceQuality "1"]

1. e4 c5 2. Nc3 Nc6 3. f4 e6 4. Nf3 Nge7 5. g3 g6 6. Bg2 Bg7 7. O-O O-O 8. d3 d6 9. Be3 Nd4 10. Rb1 a6 11. Ne2 Nxe2+ 12. Qxe2 b5 13. c3 Bb7 14. Bf2 Qa5 15. a3 Rac8 16. d4 Qa4 17. dxc5 dxc5 18. Nd2 Rfd8 19. Rbc1 Rd7 20. Rfd1 Rdc7 21. Qf3 Bf8 22. Nb1 Nc6 23. Qe2 Qa5 24. Be3 Nd4 25. Bxd4 cxd4 26. e5 dxc3 27. Nxc3 Qb6+ 28. Kh1 Bxa3 29. Qd2 Bb4 30. h3 Bxg2+ 31. Qxg2 Bxc3 32. Rxc3 Rxc3 33. bxc3 Rxc3 34. f5 gxf5 35. g4 Qc6 36. Rd8+ Kg7 37. gxf5+ Qxg2+ 38. Kxg2 exf5 39. Ra8 Rc6 40. Kf3 Rb6 41. Rd8 f6 42. Rd7+ Kg6 43. exf6 Rxf6 44. Rb7 f4 45. h4 Kh6 46. Rb8 Kh5 47. Rb7 h6 48. Rd7 Kxh4 49. Rd5 Rg6 50. Kxf4 Rf6+ 51. Ke3 Kg4 52. Rd4+ Kg3 53. Rd8 Rg6 54. Rd5 Rg5 55. Rd6 a5 56. Rxh6 b4 57. Rb6 Re5+ 58. Kd4 Kf4 59. Rf6+ Rf5 60. Rb6 Kf3 61. Kc4 Ke3 62. Rd6 Re5 63. Ra6 Kd2 64. Kb3 Rc5 65. Kb2 Kd3 66. Kb3 Rc3+ 67. Kb2 Ra3 68. Rh6 Kc4 69. Rh4+ Kb5 70. Rh5+ Ka4 71. Rg5 Rc3 72. Rh5 Rc4 73. Rh3 Rg4 74. Rh5 Rg2+ 75. Ka1 Re2 76. Rg5 Re4 77. Rc5 Kb3 78. Rc1 a4 79. Rh1 Rc4 80. Rh3+ Rc3 81. Rh1 Ka3 82. Rh4 Rg3 83. Rh1 Rg4 84. Rh3+ b3 85. Rh1 Kb4 86. Rh8 Rg1+ 0-1

[Event "Quebec op U2000"]
[Site "Montreal CAN"]
[Date "2008.07.25"]
[Round "7"]
[White "Morin, Louis"]
[Black "McKay, Brian"]
[Result "0-1"]
[WhiteElo "1907"]
[BlackElo "1809"]
[PlyCount "116"]
[GameId "2160767910353615"]
[EventDate "2008.07.19"]
[EventType "swiss"]
[EventRounds "8"]
[EventCountry "CAN"]
[SourceTitle "EXT 2022"]
[Source "ChessBase"]
[SourceDate "2021.10.06"]
[SourceVersion "1"]
[SourceVersionDate "2021.10.06"]
[SourceQuality "1"]

1. e4 d6 2. d4 g6 3. Be3 Bg7 4. c3 Nf6 5. f3 a6 6. Na3 b5 7. Nc2 Bb7 8. Qd2 Nbd7 9. Bh6 Bxh6 10. Qxh6 c5 11. Ne2 Qa5 12. Qd2 O-O 13. Nc1 Rac8 14. a4 Qb6 15. a5 Qc7 16. d5 c4 17. Be2 e6 18. dxe6 fxe6 19. O-O Nc5 20. Qe3 e5 21. Nb4 Na4 22. Rxa4 bxa4 23. Qa7 Ra8 24. Qb6 Qxb6+ 25. axb6 Rac8 26. Rd1 Rfd8 27. Nd5 Nxd5 28. exd5 Rc5 29. Na2 Kg7 30. f4 exf4 31. Rd4 Rxd5 32. Rxc4 Rc5 33. Rxa4 Rg5 34. Bxa6 Bxa6 35. Rxa6 Rb5 36. b4 d5 37. Nc1 Rb8 38. Ne2 g5 39. g3 fxg3 40. hxg3 R8xb6 41. Ra7+ Rb7 42. Ra6 R5b6 43. Ra5 Rd7 44. Rc5 Kf6 45. Kf2 Ra6 46. Ke3 Re6+ 47. Kd3 h5 48. Nd4 Rb6 49. b5 h4 50. gxh4 gxh4 51. Nf3 h3 52. Kd4 Kf5 53. Ne5 Rdb7 54. Rxd5 Rxb5 55. Nf3+ Rxd5+ 56. Kxd5 Rb3 57. Nh2 Rb2 58. Nf1 Rf2 0-1

[Event "Quebec op U2000"]
[Site "Montreal CAN"]
[Date "2008.07.25"]
[Round "7"]
[White "Nunez-Painchaud, Raphael"]
[Black "Ferreira, Alex"]
[Result "0-1"]
[WhiteElo "1750"]
[BlackElo "1958"]
[PlyCount "96"]
[GameId "2160767910353616"]
[EventDate "2008.07.19"]
[EventType "swiss"]
[EventRounds "8"]
[EventCountry "CAN"]
[SourceTitle "EXT 2011"]
[Source "ChessBase"]
[SourceDate "2011.11.26"]
[SourceVersion "1"]
[SourceVersionDate "2011.11.26"]
[SourceQuality "1"]

1. Nf3 d5 2. c4 dxc4 3. Qc2 b5 4. a4 b4 5. Qxc4 a5 6. d4 e6 7. Bf4 Bd6 8. Bg3 Ba6 9. Qc2 Nd7 10. Nbd2 Ne7 11. Nc4 Bxg3 12. hxg3 Bxc4 13. Qxc4 c5 14. dxc5 Rc8 15. Rd1 Rxc5 16. Qxc5 Nxc5 17. Rxd8+ Kxd8 18. Ne5 Kc7 19. Nxf7 Rf8 20. Rh5 Nd5 21. Ng5 Nf6 22. Rh4 Kb6 23. Rc4 Re8 24. Kd2 Nxa4 25. Kc2 Re7 26. e3 Nc5 27. g4 h6 28. Nh3 e5 29. g5 Nfe4 30. gxh6 gxh6 31. g3 Rf7 32. f4 Nxg3 33. Bg2 Kb5 34. Bd5 Rd7 35. Bg8 Nf1 36. Rxc5+ Kxc5 37. fxe5 Nxe3+ 38. Kb3 Ng4 39. Nf4 Nxe5 40. Ka4 Rd2 41. Ne6+ Kb6 42. Nf4 Rxb2 43. Be6 Rf2 44. Nd5+ Kc5 45. Ne3 Rf3 46. Nc2 Rc3 47. Bb3 Nc4 48. Na1 h5 0-1

[Event "Quebec op U2000"]
[Site "Montreal CAN"]
[Date "2008.07.25"]
[Round "7"]
[White "Rozybakiyev, Ilchin"]
[Black "Longo, Tyler"]
[Result "0-1"]
[WhiteElo "1689"]
[BlackElo "1907"]
[PlyCount "68"]
[GameId "2160767910353617"]
[EventDate "2008.07.19"]
[EventType "swiss"]
[EventRounds "8"]
[EventCountry "CAN"]
[SourceTitle "EXT 2011"]
[Source "ChessBase"]
[SourceDate "2011.11.26"]
[SourceVersion "1"]
[SourceVersionDate "2011.11.26"]
[SourceQuality "1"]

1. e4 d5 2. exd5 Nf6 3. d4 Bg4 4. Nf3 Qxd5 5. Be2 Nc6 6. Be3 O-O-O 7. c4 Qh5 8. Nc3 e6 9. a3 Bc5 10. Qa4 Nxd4 11. Nxd4 Bxd4 12. Bxd4 Rxd4 13. Qxa7 Rhd8 14. Nb5 Rd2 15. f3 Qe5 16. Nc3 Rxb2 17. Qa8+ Kd7 18. Rd1+ Nd5 19. Qa4+ b5 20. cxb5 Qxc3+ 21. Kf1 Ke7 22. fxg4 Ne3+ 23. Kf2 Nxd1+ 24. Rxd1 Rxd1 25. Qxd1 Qc5+ 26. Kf1 Qxa3 27. Kf2 Qc5+ 28. Kf1 Qc2 29. Qxc2 Rxc2 30. Bd3 Rb2 31. Be2 Kd6 32. Bd3 h6 33. h4 Kc5 34. h5 Kd4 0-1

[Event "Quebec op U2000"]
[Site "Montreal CAN"]
[Date "2008.07.25"]
[Round "7"]
[White "Villeneuve, Benoit"]
[Black "Armstrong, Robert J"]
[Result "0-1"]
[WhiteElo "1856"]
[BlackElo "1783"]
[PlyCount "54"]
[GameId "2160767910353618"]
[EventDate "2008.07.19"]
[EventType "swiss"]
[EventRounds "8"]
[EventCountry "CAN"]
[SourceTitle "EXT 2011"]
[Source "ChessBase"]
[SourceDate "2011.11.26"]
[SourceVersion "1"]
[SourceVersionDate "2011.11.26"]
[SourceQuality "1"]

1. e4 g6 2. d4 Bg7 3. c4 d6 4. Nc3 Nf6 5. h3 O-O 6. Nf3 Nc6 7. Be2 e5 8. d5 Ne7 9. O-O Nd7 10. Bd3 h6 11. Bd2 f5 12. exf5 gxf5 13. Bc2 Ng6 14. Ne2 e4 15. Nfd4 Nde5 16. Bb3 Qh4 17. Bc3 f4 18. Ne6 f3 19. N2d4 fxg2 20. Kxg2 Bxe6 21. Nxe6 Nf4+ 22. Nxf4 Rxf4 23. Bxe5 Bxe5 24. Qe2 Qg5+ 25. Kh1 Rh4 26. Qe3 Bf4 27. Qc3 e3 0-1

[Event "Quebec op U2000"]
[Site "Montreal CAN"]
[Date "2008.07.26"]
[Round "8"]
[White "Armstrong, Robert J"]
[Black "Giroux, Robert"]
[Result "1-0"]
[WhiteElo "1783"]
[BlackElo "1966"]
[PlyCount "113"]
[GameId "2160767910353619"]
[EventDate "2008.07.19"]
[EventType "swiss"]
[EventRounds "8"]
[EventCountry "CAN"]
[SourceTitle "EXT 2011"]
[Source "ChessBase"]
[SourceDate "2011.11.26"]
[SourceVersion "1"]
[SourceVersionDate "2011.11.26"]
[SourceQuality "1"]

1. d4 Nf6 2. c4 g6 3. Nc3 Bg7 4. e4 d6 5. f3 b6 6. Be3 Bb7 7. Nge2 c5 8. d5 Nbd7 9. g4 Ne5 10. Ng3 h5 11. g5 Nh7 12. h4 Bc8 13. Be2 O-O 14. f4 Ng4 15. Qd2 Nxe3 16. Qxe3 e6 17. O-O-O Bd4 18. Qd3 f5 19. dxe6 Bxe6 20. exf5 Bxf5 21. Nxf5 Rxf5 22. Bxh5 Rxf4 23. Qxg6+ Bg7 24. Rxd6 Qf8 25. Rd7 Rf1+ 26. Rxf1 Qxf1+ 27. Bd1 Qf4+ 28. Kb1 Qe5 29. Qf7+ Kh8 30. Re7 Rf8 31. Qxf8+ Nxf8 32. Rxe5 Bxe5 33. Nd5 Ne6 34. Bg4 Nf4 35. Kc2 Kg7 36. h5 Kf7 37. Nxf4 Bxf4 38. g6+ Ke7 39. Kd3 Bh6 40. Ke4 Bg7 41. b3 Kf6 42. Kd5 Kg5 43. Be2 Kf5 44. Kc6 Bc3 45. Kb7 Kf6 46. Kxa7 Ba5 47. a3 Kg7 48. b4 cxb4 49. axb4 Bxb4 50. Kxb6 Bc3 51. c5 Bd4 52. Kb5 Kf6 53. c6 Be5 54. Kb6 Bd4+ 55. Kb7 Be5 56. c7 Bxc7 57. Kxc7 1-0